[Event "Baden-Elsass m"]
[Site "Neumuehl"]
[Date "2010.09.26"]
[Round "?.18"]
[White "Fien, Andreas"]
[Black "Mametov, Bakhtiiar"]
[Result "1-0"]
[WhiteElo "2147"]
[BlackElo "1970"]
[PlyCount "25"]
[EventDate "2010.09.26"]
[EventType "team-match"]
[EventRounds "1"]
[EventCountry "GER"]
[SourceTitle "EXT 2011"]
[Source "ChessBase"]
[SourceDate "2010.11.26"]
[SourceVersion "1"]
[SourceVersionDate "2010.11.26"]
[SourceQuality "1"]
[WhiteTeam "Baden"]
[BlackTeam "Elsass"]
[WhiteTeamCountry "GER"]
[BlackTeamCountry "FRA"]

1. e4 d6 2. d4 Nf6 3. Nc3 e5 4. dxe5 dxe5 5. Qxd8+ Kxd8 6. Bg5 c6 7. Nf3 Be6 8. Nxe5 Bb4 9. Bc4 Ke7 10. 0-0-0 Bxc3 11. bxc3 h6 12. Bxe6 fxe6 13. Ng6+ 1-0